000 00428nam a2200181Ia 4500
001 13552
005 20260306164809.0
008 260306t2003||||xx |||||||||||||| ||spa||
041 _aESP
082 _a004.6
_bT19 2003
100 _aTanenbaum, Andrew S.
_eAUT
245 0 _aRedes de computadoras
260 _c2003
300 _aXX, 891 páginas :
_c23 cm.
650 _aGEN
654 _aCCC
942 _cLIB
_dJUS
_fJUS
_2ddc
_n
999 _c13552
_d13552